| 000 | 01318cam a22003497a 4500 | ||
|---|---|---|---|
| 003 | CHAP | ||
| 005 | 20220329140302.0 | ||
| 008 | 971013s1973 r 00010 d | ||
| 010 | _a49766 | ||
| 011 | _a50738 | ||
| 035 | _a54888 | ||
| 040 | _cCHAP | ||
| 082 |
_a595.7 _bR62 1973-74 |
||
| 100 | 0 | 0 |
_aRockstein, Morris. _998221 |
| 245 | 1 | 4 | _aThe physiology of insecta |
| 250 | _a2 ed. | ||
| 260 |
_aNew York : _bAcademica Press, _c1973-74 |
||
| 300 |
_a6 v. _b: ilus. |
||
| 590 |
_aBATCH-UPD _b10 _c20130110 _lUCH01 _h0715 |
||
| 590 |
_aBATCH-UPD _b10 _c20130410 _lUCH01 _h0400 |
||
| 590 |
_aBATCH-UPD _b10 _c20130914 _lUCH01 _h1646 |
||
| 590 |
_aCONVERSION _b10 _c20130109 _lUCH01 _h1327 |
||
| 650 | 1 | 4 |
_aInsectos _xAnatomĂa y fisiologĂa. _958891 |
| 901 | _aBK | ||
| 942 | _cLIBRO | ||
| 949 |
_a595.7 R62 1973-74 _bBC _cLIBRO _d33724000348405 _eLIBRO _fv.6 _h38949 _i54888 _si |
||
| 949 |
_a595.7 R62 1973-74 _bBC _cLIBRO _d33724000348413 _eLIBRO _fv.5 _h38948 _i54888 _si |
||
| 949 |
_a595.7 R62 1973-74 _bBC _cLIBRO _d33724000348421 _eLIBRO _fv.4 _h38947 _i54888 _si |
||
| 949 |
_a595.7 R62 1973-74 _bBC _cLIBRO _d33724000348439 _eLIBRO _fv.3 _h38946 _i54888 _si |
||
| 949 |
_a595.7 R62 1973-74 _bBC _cLIBRO _d33724000348447 _eLIBRO _fv.2 _h38945 _i54888 _si |
||
| 949 |
_a595.7 R62 1973-74 _bBC _cLIBRO _d33724000348454 _eLIBRO _fv.1 _h38944 _i54888 _si |
||
| 999 |
_c49766 _d49766 |
||